Writing the TV drama series : how to succeed as a professional writer in TV / (Record no. 1594)

000 -LEADER
fixed length control field 00946cam a22002894a 4500
001 - CONTROL NUMBER
control field 16752476
003 - CONTROL NUMBER IDENTIFIER
control field OSt
005 - DATE AND TIME OF LATEST TRANSACTION
control field 20150409085944.0
008 - FIXED-LENGTH DATA ELEMENTS--GENERAL INFORMATION
fixed length control field 110427s2011 xx a b 000 0 eng
010 ## - LIBRARY OF CONGRESS CONTROL NUMBER
LC control number 2011017715
020 ## - INTERNATIONAL STANDARD BOOK NUMBER
International Standard Book Number 9781615930586
040 ## - CATALOGING SOURCE
Original cataloging agency DLC
Transcribing agency DLC
Modifying agency DLC
042 ## - AUTHENTICATION CODE
Authentication code pcc
050 00 - LIBRARY OF CONGRESS CALL NUMBER
Classification number PN1992.D68 2011
082 00 - DEWEY DECIMAL CLASSIFICATION NUMBER
Classification number 808.2/25
Edition number 22
100 1# - MAIN ENTRY--PERSONAL NAME
Personal name Douglas, Pamela,
Dates associated with a name 1944-
245 10 - TITLE STATEMENT
Title Writing the TV drama series : how to succeed as a professional writer in TV /
Statement of responsibility, etc Pamela Douglas.
250 ## - EDITION STATEMENT
Edition statement 3rd ed.
260 ## - PUBLICATION, DISTRIBUTION, ETC. (IMPRINT)
Place of publication, distribution, etc [S.l.] :
Name of publisher, distributor, etc Michael Wiese Productions,
Date of publication, distribution, etc c2011.
300 ## - PHYSICAL DESCRIPTION
Extent xvi, 288 p. :
Other physical details ill. ;
Dimensions 23 cm.
504 ## - BIBLIOGRAPHY, ETC. NOTE
Bibliography, etc Includes bibliographical references.
650 #0 - SUBJECT ADDED ENTRY--TOPICAL TERM
Topical term or geographic name as entry element Television authorship.
650 #0 - SUBJECT ADDED ENTRY--TOPICAL TERM
Topical term or geographic name as entry element Television series
General subdivision Authorship.
906 ## - LOCAL DATA ELEMENT F, LDF (RLIN)
a 7
b cbc
c orignew
d 1
e ecip
f 20
g y-gencatlg
942 ## - ADDED ENTRY ELEMENTS (KOHA)
Source of classification or shelving scheme
Koha item type Book
Holdings
Withdrawn status Lost status Source of classification or shelving scheme Damaged status Not for loan Home library Current library Shelving location Date acquired Total Checkouts Full call number Barcode Date last seen Date checked out Copy number Price effective from Koha item type Total Renewals
          Riara University Library Riara University Library General stack 09/04/2015 2 PN1992.D68 2011 5460/15 02/10/2023 18/09/2023 C.1 09/04/2015 Book  
          Riara University Library Riara University Library General stack 09/04/2015   PN1992.D68 2011 5461/15 09/04/2015   C.2 09/04/2015 Book  
          Riara University Library Riara University Library General stack 09/04/2015 6 PN1992.D68 2011 5462/15 19/09/2023 07/08/2023 C.3 09/04/2015 Book 5

Riara University Library,
P.O. Box 49940-00100,
Nairobi, Kenya.